000 01038cam a2200337 i 4500
999 _c8672
_d8672
001 8672
003 BD - JhCC
005 20180716183040.0
008 180716s1955 nyua b 001 0 eng
035 _a(BD - JhCC)8672
035 _a(OCoLC)01121223
035 _aGLIS00051879
040 _aDLC
_cDLC
_dCHS
_dMYG
_dBD - JhC
041 _aeng
050 0 _aQH305
_b.A44
082 _bHAL 1955
_a574
099 _aQH305.A44
100 1 _aHall, Thomas S.
245 1 0 _aScience :
_ba college textbook of general Biology /
_cThomas S. Hall and Florence Moog
260 _aNew York :
_bWiley,
_c1955
300 _axxv, 258 p. :
_bill. ;
_c22 cm.
490 1 _aHistory of science
500 _aImprint covered by label: Now published by Cambridge University Press, Cambridge.
500 _aIncludes index.
504 _aBibliography: p. 229-249.
650 0 _aBiology
_xHistory.
700 _aMoog, Florence
830 0 _aHistory of science (John Wiley & Sons)
942 _2ddc
_cBK